| 000 | 01480nam0a22003011 4500 | ||
|---|---|---|---|
| 001 | rc\275656 | ||
| 005 | 20030307120159.2 | ||
| 035 | _a(NLR Aleph) 005492776 | ||
| 090 |
_a5225006 _c5225006 |
||
| 100 | _a20030307d1990 u |0rusy50 ca | ||
| 101 | 0 | _arus | |
| 102 | _aRU | ||
| 105 | _aa ||||||||| | ||
| 200 | 1 |
_aНефтегазоносность надсолевых комплексов Среднеевропейского и Прикаспийского солянокупольных бассейнов _fБ.А. Соловьев, С.Б. Кочарьянц, И.Н. Комиссарова |
|
| 210 |
_aМ. _cВИЭМС _d1990 |
||
| 215 |
_a44 с. _cсхем. _d20 |
||
| 225 | 1 |
_aГеология, экономика, методы прогноза, поисков, оценки и разведки месторождений топливно-энергетического сырья _eОбзор. информ. _fВНИИ экономики минер. сырья и геол.-развед. работ _vВып. 1 |
|
| 300 | _aНа обл. авт. не указаны | ||
| 300 | _aВ надзаг. также: М-во геологии СССР | ||
| 320 | _aБиблиогр.: с. 42-44 | ||
| 700 | 1 |
_aСоловьев _bБ. А. _gБорис Александрович |
|
| 701 | 1 |
_aКочарьянц _bС. Б. |
|
| 701 | 1 |
_aКомиссарова _bИ. Н. |
|
| 801 | 0 |
_aRU _bNLR _gpsbo |
|
| 801 | 1 |
_aRU _bELAR _2rusmarc |
|
| 852 |
_aNLR _jП51/792 |
||
| 942 | _cBOOK | ||
| 980 | _aNB | ||